000 00509nam a2200193Ia 4500
003 OSt
005 20250828103211.0
008 210210b1952 xxu||||| |||| 00| 0 eng d
040 _cAL
041 _akan
082 _a859/1132
100 _aLalitamba:
_dಲಲಿತಾಂಬ
_9237218
245 _aSanna kathegalu
_bಸಣ್ಣ ಕಥೆಗಳು
260 _aBengaluru
_bJivana Karyalaya
_c1952
690 _aKannada Fiction
_9146304
700 _aPARL
_9146305
906 _a021877
942 _2ddc
_cBK
999 _c145983
_d145983